ბათუმის შოთა რუსთაველის სახელმწიფო უნივერსიტეტის ბიბლიოთეკა

Алгебра. Гл.х. гомологическая алгебра (ბიბ.ჩანაწერი № 48110)

000 -LEADER
fixed length control field 00583nam a2200205Ia 4500
001 - CONTROL NUMBER
control field 14991
003 - CONTROL NUMBER IDENTIFIER
control field GE_BSU
008 - FIXED-LENGTH DATA ELEMENTS--GENERAL INFORMATION
fixed length control field 181216s||||||||xx |||||||||||||| ||und||
040 ## - CATALOGING SOURCE
Transcribing agency GE_BSU
080 ## - UNIVERSAL DECIMAL CLASSIFICATION NUMBER
Universal Decimal Classification number 512.66
100 ## - MAIN ENTRY--PERSONAL NAME
Personal name Бурбаки,Н.
245 ## - TITLE STATEMENT
Title Алгебра. Гл.х. гомологическая алгебра
245 ## - TITLE STATEMENT
Statement of responsibility, etc. Под.ред.А.И.Кострикова
260 ## - PUBLICATION, DISTRIBUTION, ETC.
Place of publication, distribution, etc. Москва
260 ## - PUBLICATION, DISTRIBUTION, ETC.
Name of publisher, distributor, etc. Наука
260 ## - PUBLICATION, DISTRIBUTION, ETC.
Date of publication, distribution, etc. 1987
300 ## - PHYSICAL DESCRIPTION
Extent 182стр.27см.
653 ## - INDEX TERM--UNCONTROLLED
Uncontrolled term Алгебра. Гл.х. гомологическая алгебра
942 ## - ADDED ENTRY ELEMENTS (KOHA)
Koha item type წიგნი
ეგზემპლარები
Withdrawn status Lost status Damaged status Not for loan Date acquired Barcode Date last seen Price effective from Koha item type
        2018-12-17 15563 2018-12-17 2018-12-17 წიგნი
        2018-12-17 16634 2018-12-17 2018-12-17 წიგნი
        2018-12-17 16633 2018-12-17 2018-12-17 წიგნი